000 00522nam a22001937a 4500
003 OSt
005 20151215184520.0
008 151215b xxu||||| |||| 00| 0 eng d
020 _a0754644529
040 _cDDC.
082 _a355.37CIV 2005
100 _aFrancis J.David.
_96611
245 _aCivil Militia.
_bAfrica's Intractable Security Menace.
260 _aUK
_bAshgate.
_c2005
300 _aix,300p;
_bill;
_c23cm
504 _aincludes references,Notes and index.
650 _aSecurity
_94211
942 _2ddc
_cSLOAN
999 _c2894
_d2894